000 00564nam a2200181Ia 4500
005 20250326124537.0
008 250326s9999 xx 000 0 und d
037 _aTextbook
040 _aFMSL
_beng
_cFMSL
041 _aeng
_2eng
084 _aX:8 K7
_qFMSL
100 _aMarrow A J
_9737562
245 0 _aManagement by participation: creating a climate for personal and organizational development
_cMarrow A J; Bowers D G And Others
260 _aNY
_bNY, Harper & Row
_c1967
300 _a264p
942 _cTB
_hX:8 K7
999 _c1274112
_d1274112